000 00738naa a2200289Ia 4500
999 _c4178
_d4178
001 5853
008 191123s9999 xx 000 0 und d
020 _a9685803846
041 _aspa
044 _amx
100 _aKozloff, Max,
245 0 _aEstudios de Arte y Estética.
260 _aMéxico :
_bInstituto de Investigaciones Estéticas,
_c1982.
300 _a248 p.
300 _app. 177-194
490 0 _aCrítica de arte y disonancia
490 0 _aLa iconografía en el arte contemporáneo (Coloquio Internacional de Xalapa)
650 _aARTE
650 _aCRITICA
650 _aCRITICA DE ARTE
902 _aM
903 _aa
904 _aam
907 _aImpreso
942 _cANALITICA
_2ddc